Triband Flags - Statistics

General Stats
  • This quiz has been taken 245 times
  • The average score is 62 of 70
Answer Stats
Picture Answer % Correct
Iran
96%
Mexico
96%
Romania
96%
Spain
96%
Andorra
95%
Argentina
95%
Colombia
95%
Croatia
95%
India
95%
Ireland
95%
Italy
95%
Canada
94%
France
94%
Luxembourg
94%
Niger
94%
Russia
94%
Venezuela
94%
Ecuador
93%
Egypt
93%
Iraq
93%
Lebanon
93%
Austria
92%
Belgium
92%
Ghana
92%
Ivory Coast
92%
Latvia
92%
Moldova
92%
Netherlands
92%
Serbia
92%
Slovakia
92%
Slovenia
92%
Germany
91%
Honduras
91%
Hungary
91%
Nigeria
91%
Bulgaria
90%
Chad
90%
Peru
90%
Barbados
89%
Cambodia
89%
Ethiopia
89%
Lithuania
89%
Syria
89%
Estonia
88%
Nicaragua
88%
El Salvador
87%
Guatemala
87%
Libya
87%
Mongolia
87%
Senegal
87%
Belize
86%
Cameroon
86%
Laos
86%
Armenia
85%
Paraguay
85%
Yemen
85%
Myanmar
84%
Azerbaijan
83%
Mali
83%
Malawi
82%
Mauritania
81%
Tajikistan
81%
Lesotho
80%
Gabon
79%
Bolivia
77%
Guinea
77%
Nauru
77%
Saint Vincent and the Grenadines
77%
Rwanda
76%
Sierra Leone
74%
No matching quizzes found
Score Distribution
Percent of People with Each Score
Percentile by Number Answered
Your Score History
You have not taken this quiz